| 000 | 01126nam a22003135a 4500 | ||
|---|---|---|---|
| 005 | 20090606103427.0 | ||
| 008 | 090105r20092007flu 000 0 eng | ||
| 010 | _aENG-93921 | ||
| 020 |
_a9788189975876 _c395.00 |
||
| 035 | _aEN-77454 | ||
| 037 | _bDBAD / PUB | ||
| 040 |
_adpl _bEnglish |
||
| 082 | _a152 | ||
| 100 | _aDispenza, Joe | ||
| 245 |
_aEvolve your brain : _bthe science of changing your mind / _cby Joe Dispenza |
||
| 260 |
_aNew Delhi _bWestland _c2008 |
||
| 270 |
_aF-5. Okhla Industrial Area, Phase-I, Mezzanine Floor, _bNew Delhi _e110020 |
||
| 300 |
_axviii, 510p. _c25cm (pbk) |
||
| 500 | _aOriginally published: 2007. | ||
| 500 | _aIncluses index | ||
| 650 |
_aBrain _xEvolution _vPopular works. |
||
| 650 |
_aNeuropsychology _vPopular works. |
||
| 650 |
_aBrain stimulation _vPopular works. |
||
| 650 |
_aNeurophysiology _vPopular works. |
||
| 650 | _aEmotions. | ||
| 650 | _aMental healing. | ||
| 942 |
_2ddc _cEN _h152 _mDIS |
||
| 999 |
_c27280 _d27280 |
||